000 00666nam a2200181 a 4500
003 0
005 20250515140605.0
008 030519s19uu xx 00 eng d
050 _aPHS TJ 280.7
_b.B73 2003
100 _aBrambilla, Gian Paolo L.
245 _aThe Assessment of geothermal energy in the Philippines /
_cGian Paolo L. Brambilla.
260 _aLas PiƱas City, Philippines :
_bSouthville International School and Colleges,
_c2003.
300 _a55 pages :
_billustrations ;
_c28 cm.
504 _aIncludes bibliographical references.
650 _aGeothermal energy
_zPhilippines.
650 _aRenewable energy sources
_zPhilippines.
942 _2lcc
_cPASS
999 _c96753
_d96753